000 00618nam a2200193Ia 4500
005 20250508164810.0
008 008 250505s9999 xx 000 0 eng d
037 _aTheses
040 _aFEDL
_beng
_cFEDL
041 _aeng
_2eng
084 _a371.9, MAL/TH
_qFEDL
100 _aMallick Mihir Kumar
_9532111
245 0 _aStudy of talented exceptional children in relation to their perception of self learning styles and motivational characteristics
260 _c2001
300 _ax,238p.
546 _aPH.D Thesis (Delhi University)
942 _cTH
_h371.9, MAL/TH
999 _c1391248
_d1391248